000 01402nam a2200349Ia 4500
001 ebr10369350
003 CaPaEBR
006 m u
007 cr cn|||||||||
008 040214s2003 enk s 000 0 eng d
020 _z9780853239185
020 _z0853239282
020 _z0853239185 (pbk.) :
040 _aCaPaEBR
_cCaPaEBR
035 _a(OCoLC)276226058
050 1 4 _aJZ1318
_b.G554 2003eb
245 0 0 _aGlobal America?
_h[electronic resource] :
_bthe cultural consequences of globalization /
_cedited by Ulrich Beck, Nathan Sznaider and Rainer Winter.
260 _aLiverpool :
_bLiverpool University Press,
_c2003.
300 _axi, 275 p.
490 1 _aStudies in social and political thought ;
_v8
533 _aElectronic reproduction.
_bPalo Alto, Calif. :
_cebrary,
_d2011.
_nAvailable via World Wide Web.
_nAccess may be limited to ebrary affiliated libraries.
650 0 _aGlobalization
_xSocial aspects.
650 0 _aAmericanization.
651 0 _aUnited States
_xForeign relations.
655 7 _aElectronic books.
_2local
700 1 _aBeck, Ulrich,
_d1944-
700 1 _aSznaider, Natan,
_d1954-
700 1 _aWinter, Rainer,
_d1960-
710 2 _aebrary, Inc.
830 0 _aStudies in social and political thought ;
_v8.
856 4 0 _uhttp://site.ebrary.com/lib/rucke/Doc?id=10369350
_zAn electronic book accessible through the World Wide Web; click to view
999 _c110705
_d110705